| 000 | 00991 a2200289 4500 | ||
|---|---|---|---|
| 003 | OSt | ||
| 005 | 20180116192359.0 | ||
| 008 | 120702t xxu||||| |||| 00| 0 eng d | ||
| 010 | _a 99231396 | ||
| 020 | _a0714838500 (pbk.) | ||
| 020 | _a9780714847986 | ||
| 035 | _a(DLC) 99231396 | ||
| 035 | _a(OCoLC)41439147 | ||
| 040 | _c0 | ||
| 082 | 0 | 0 | _a709.04 |
| 245 | 0 | 4 | _aThe 20th-century art book. |
| 246 | 1 | 4 | _a20th century artbook |
| 246 | 1 | 4 | _aTwentieth century art book |
| 250 | _a1999 ed. | ||
| 260 |
_aLondon : _bPhaidon Press, _c1999. |
||
| 300 |
_a503 p. : _bill. ; _c16 cm. |
||
| 500 | _aA miniature ed. of the original published in 1996. | ||
| 500 | _aAn A-Z guide to 500 artists, each with a color plate and brief descriptive text; includes glossaries of terms, artistic movements, and museums and galleries. | ||
| 650 | 1 | 0 |
_aArt, Modern _y20th century _94969 |
| 942 |
_aSADA _cBK _k709.04 TWE 1999 _2ddc |
||
| 999 |
_c353242 _d353242 |
||